| 000 | 00787nam a2200265Ia 4500 | ||
|---|---|---|---|
| 008 | 160319s9999 xx 000 0 und d | ||
| 020 | _a0-590414291 | ||
| 050 | _aFic | ||
| 050 | _b.C689t 1990 | ||
| 100 | _aCole, Joanna | ||
| 245 | 4 | _aThe magic school bus, lost in the solar system / | |
| 245 | _cby Joanna Cole ; illustrated by Bruce Degen. | ||
| 260 | _aNew York : | ||
| 260 | _bScholastic Inc. | ||
| 260 | _c1990 | ||
| 300 | _a40 pages; | ||
| 300 | _billustrations : | ||
| 300 | _c20 cm. | ||
| 440 | _aMagic school bus adventure series. | ||
| 650 | _a Frizzle, Ms. (Fictitious character) -- | ||
| 650 | _aOuter space -- Exploration -- | ||
| 650 | _aPlanets -- Exploration -- Juvenile fiction. | ||
| 650 | _xJuvenile fiction. | ||
| 650 | _xJuvenile fiction. | ||
| 999 |
_c292061 _d292061 |
||